[Event "R1-Blaye / Cahors"]
[Site "Blaye"]
[Date "2006.10.15"]
[Round "1"]
[White "Montreuille, Pierre"]
[Black "Valat, Jean-Marie"]
[Result "0-1"]
[WhiteElo "1530"]
[BlackElo "1700"]
[EventDate "2006.??.??"]
[PlyCount "86"]

1.Nf3 Nf6 2.b3 g6 3.Bb2 Bg7 4.d4 d5 5.e3 Bf5 6.c4 O-O 7.cxd5 Qxd5 8.Bc4 
Qd8 9.O-O c6 10.Nbd2 Nbd7 11.Re1 Nb6 12.Rc1 Nxc4 13.Rxc4 Ne4 14.h3 Qd5 15.
Nh4 Be6 16.Rc2 Bf6 17.Nhf3 Rad8 18.Nxe4 Qxe4 19.Nd2 Qd5 20.Rc5 Qd7 21.Qf3 
Bd5 22.Ne4 Bg7 23.Qf4 b6 24.Rc2 f5 25.Nd2 Qb7 26.Nf3 Rd6 27.Ba3 Re6 28.Ng5
Ref6 29.Rec1 h6 30.Nf3 g5 31.Nxg5 hxg5 32.Qxg5 R8f7 33.h4 Kh7 34.h5 Bh6 
35.Qh4 Rg7 36.g3 f4 37.Re1 fxg3 38.fxg3 Rf3 39.e4 Rfxg3+ 40.Kh2 R3g4 41.
Qh3 Qc7+ 42.Kh1 Bxe4+ 43.Rxe4 Rg1# 0-1

[Event "R1-Blaye / Cahors"]
[Site "Blaye"]
[Date "2006.10.15"]
[Round "1"]
[White "Grard, Alain"]
[Black "Houmeau, Dominique"]
[Result "1-0"]
[WhiteElo "1640"]
[BlackElo "1550"]
[EventDate "2006.??.??"]
[PlyCount "69"]

1.e4 e5 2.Nf3 d6 3.d4 exd4 4.Nxd4 Nf6 5.Nc3 Be7 6.Be2 a6 7.a4 Bd7 8.O-O 
O-O 9.Be3 Nc6 10.f4 Re8 11.Bf3 Bf8 12.Qd2 Qc8 13.f5 h6 14.Qf2 Ne5 15.Qg3 
Kh8 16.Nde2 Nc4 17.Bc1 Bc6 18.b3 Ne5 19.Qh4 Qd8 20.Qf4 Nxf3+ 21.gxf3 b5 
22.Nd4 Qd7 23.Qh4 Nh7 24.Nxc6 Qxc6 25.Nd5 Qb7 26.Bb2 c6 27.Nf4 Be7 28.Qxh6
Bf6 29.Qh5 Bxb2 30.Rad1 Be5 31.Nh3 Qe7 32.Kh1 Qf6 33.f4 Bc3 34.Ng5 Qh6 35.
Nxf7+ 1-0

[Event "R1-Blaye / Cahors"]
[Site "Blaye"]
[Date "2006.10.15"]
[Round "1"]
[White "Delmas, Jean"]
[Black "Devals, Nicolas"]
[Result "0-1"]
[WhiteElo "1760"]
[BlackElo "1840"]
[EventDate "2006.??.??"]
[PlyCount "77"]

1.e4 d5 2.exd5 Qxd5 3.Nc3 Qa5 4.d4 Nf6 5.Bd2 c6 6.Bc4 Qc7 7.Nge2 Bf5 8.Bf4
Qd8 9.Ng3 Bg6 10.O-O e6 11.a3 Bd6 12.Bxd6 Qxd6 13.Re1 Nbd7 14.Nce4 Qf4 15.
Qe2 h5 16.Nxf6+ Nxf6 17.Bd3 Bxd3 18.Qxd3 Ng4 19.Qf3 Qxf3 20.gxf3 Nf6 21.
Nf5 O-O-O 22.Ne3 Rxd4 23.Rad1 Rhd8 24.Rxd4 Rxd4 25.Rd1 Rxd1+ 26.Nxd1 Nd5 
27.Ne3 Kd7 28.Kf1 b5 29.c3 Kd6 30.Ng2 g5 31.Ke2 a5 32.Kd3 f5 33.Kd2 a4 34.
Kd3 Nf4+ 35.Nxf4 gxf4 36.c4 Kc5 37.cxb5 cxb5 38.h4 e5 39.Kc3 0-1

[Event "R1-Auch/Tarbes"]
[Site "Auch"]
[Date "2006.10.15"]
[Round "1"]
[White "Lamarque, Charles"]
[Black "Pokee, Michèle"]
[Result "0-1"]
[WhiteElo "1300"]
[BlackElo "1300"]
[EventDate "2006.??.??"]
[PlyCount "58"]

1.e4 e5 2.Nf3 Nc6 3.c3 Bc5 4.d4 exd4 5.cxd4 Bb4+ 6.Nc3 d6 7.a3 Ba5 8.d5 
Nce7 9.b4 Bb6 10.Bb5+ Bd7 11.Bg5 a6 12.Bxd7+ Qxd7 13.O-O h6 14.Be3 Bxe3 
15.fxe3 Nf6 16.h3 O-O 17.e5 dxe5 18.Nxe5 Qd6 19.Qd4 Nf5 20.Qf4 Ne7 21.Rad1
Nexd5 22.e4 Qb6+ 23.Qf2 Qxf2+ 24.Rxf2 Nxc3 25.Rd4 Ncxe4 26.Rf3 Rad8 27.Rc4
Nd2 28.Rxf6 Nxc4 29.Nxc4 gxf6 0-1

[Event "R1-Auch/Tarbes"]
[Site "Auch"]
[Date "2006.10.15"]
[Round "1"]
[White "Golic, Nadil"]
[Black "Martinez, Benito"]
[Result "0-1"]
[WhiteElo "2040"]
[BlackElo "1770"]
[EventDate "2006.??.??"]
[PlyCount "88"]

1.d4 d5 2.c4 dxc4 3.Nc3 e6 4.e3 Bb4 5.Bxc4 Nf6 6.Qc2 O-O 7.Nf3 Nc6 8.a3 
Bxc3+ 9.bxc3 Re8 10.e4 e5 11.d5 Na5 12.Bd3 h6 13.O-O Nh5 14.c4 b6 15.Bb2 
f6 16.g3 Bh3 17.Rfe1 Nb7 18.Nd2 Qe7 19.Bf1 Bxf1 20.Rxf1 Qd7 21.f3 Nd6 22.
Rf2 Nf7 23.Rg2 Ng5 24.h4 Nh3+ 25.Kh2 Kf7 26.Nf1 g5 27.hxg5 hxg5 28.Ne3 Rh8
29.Nf5 Rh6 30.Kxh3 g4+ 31.Kh2 gxf3 32.Kg1 fxg2 33.Kxg2 Nxg3 34.Nxg3 Rg8 
35.Qf2 Qh3+ 36.Kf3 Qg4+ 37.Kg2 Qxe4+ 38.Kf1 Rxg3 39.Qxg3 Qxc4+ 40.Kf2 Qc2+
41.Kf3 e4+ 42.Kf4 Qxb2 43.Kxe4 Qc2+ 44.Kf3 Rh5 0-1

[Event "R1-Auch/Tarbes"]
[Site "Auch"]
[Date "2006.10.15"]
[Round "1"]
[White "Devecchi, Jorge"]
[Black "Grimal, Richard"]
[Result "0-1"]
[WhiteElo "1750"]
[BlackElo "1600"]
[EventDate "2006.??.??"]
[PlyCount "60"]

1.e4 e5 2.Nf3 Nc6 3.d4 exd4 4.Bc4 Be7 5.c3 d6 6.cxd4 Bg4 7.d5 Ne5 8.Qa4+ 
Bd7 9.Qc2 Nxc4 10.Qxc4 b5 11.Qc2 Nf6 12.b4 O-O 13.Nc3 Rc8 14.Nd4 c6 15.
dxc6 Bxc6 16.Nxc6 Rxc6 17.Bb2 d5 18.O-O Nxe4 19.Qb3 Nd2 20.Qxd5 Rd6 21.
Qxb5 Nxf1 22.Rxf1 Rb6 23.Qe5 Bf6 24.Qg3 Rxb4 25.Ba3 Rc4 26.Bb2 Re8 27.h3 
Be5 28.Qf3 Qd2 29.Qb7 Bxc3 30.Qb5 Rcc8 0-1

[Event "R1-Auch/Tarbes"]
[Site "Auch"]
[Date "2006.10.15"]
[Round "1"]
[White "Blondelon, Paul"]
[Black "Vasseur, Philippe"]
[Result "0-1"]
[WhiteElo "1550"]
[BlackElo "1580"]
[EventDate "2006.??.??"]
[PlyCount "104"]

1.e4 e5 2.Nc3 Nc6 3.Nf3 Nf6 4.d4 exd4 5.Nxd4 Bb4 6.Nxc6 Bxc3+ 7.bxc3 bxc6 
8.Bg5 Qe7 9.Bd3 Qe5 10.Bxf6 Qxf6 11.Qd2 d5 12.exd5 Qe5+ 13.Qe2 Qxe2+ 14.
Bxe2 cxd5 15.O-O Rb8 16.Rab1 Rb6 17.Rxb6 axb6 18.Bb5+ Bd7 19.Re1+ Kd8 20.
Bd3 h6 21.a3 Re8 22.Rxe8+ Bxe8 23.Kf1 Ke7 24.h4 Kd6 25.f4 Kc5 26.g3 Bd7 
27.Ke2 Bb5 28.g4 Bd7 29.g5 hxg5 30.hxg5 d4 31.Kd2 Be6 32.cxd4+ Kxd4 33.c3+
Kd5 34.Ke3 Kc5 35.f5 Bc4 36.g6 f6 37.Bc2 Kd5 38.Kf4 Bf1 39.Bb3+ Bc4 40.Bc2
Ba2 41.Bd3 Bb3 42.Ke3 Ke5 43.c4 Bd1 44.Bb1 c5 45.Be4 Bg4 46.Bd5 Bxf5 47.
Bf7 Bg4 48.Bd5 f5 49.Kf2 Kf6 50.Bf7 Bh5 51.Kg3 Bxg6 52.Bd5 Bf7 0-1

[Event "R1-Auch/Tarbes"]
[Site "Auch"]
[Date "2006.10.15"]
[Round "1"]
[White "Bildstein, Gérard"]
[Black "Le Gallen, Luc"]
[Result "0-1"]
[WhiteElo "1720"]
[BlackElo "2060"]
[EventDate "2006.??.??"]
[PlyCount "88"]

1.d4 d5 2.e4 e6 3.Be3 Nf6 4.e5 Nfd7 5.Nd2 c5 6.c3 Nc6 7.f4 cxd4 8.cxd4 Qb6
9.Nb3 Bb4+ 10.Bd2 Nxd4 11.Nxd4 Qxd4 12.Bxb4 Qxb4+ 13.Qd2 Qe4+ 14.Ne2 Nc5 
15.O-O-O Bd7 16.Nc3 Qb4 {[%emt 0:00:00]} 17.Bd3 Nxd3+ 18.Qxd3 Qxf4+ 19.Kb1
O-O 20.Ka1 Qxe5 21.Rhf1 a6 22.Rf3 Rac8 23.Rh3 h6 24.Rg3 Qh5 25.Qd4 e5 26.
Qxd5 Be6 27.Qd2 Rfd8 28.Rd3 Rxd3 29.Qxd3 Qxh2 30.Qd2 Qh4 31.b3 Qb4 32.Kb2 
b5 33.Qe3 f6 34.Rc1 Qd4 35.Qxd4 exd4 36.Ne2 Rxc1 37.Kxc1 d3 38.Nf4 Bf5 39.
Kd2 Be4 40.g3 Kf7 41.Nh3 Ke6 42.Nf2 f5 43.Nh3 g5 44.Nf2 Kd5 0-1

[Event "R1-Auch/Tarbes"]
[Site "Auch"]
[Date "2006.10.15"]
[Round "1"]
[White "Aznar, Georges"]
[Black "Rouede, Gilbert"]
[Result "0-1"]
[WhiteElo "1600"]
[BlackElo "1820"]
[EventDate "2006.??.??"]
[PlyCount "68"]

1.d4 d5 2.Nf3 Nf6 3.e3 Nbd7 4.c4 c6 5.Nc3 e6 6.a3 Bd6 7.c5 Bc7 8.b4 a6 9.
Bb2 O-O 10.Bd3 e5 11.e4 exd4 12.Nxd4 dxe4 13.Nxe4 Nxe4 14.Bxe4 Re8 15.Qc2 
Qh4 16.O-O-O Qxe4 17.Rhe1 Bf4+ 18.Kb1 Qxe1 19.Rxe1 Rxe1+ 20.Ka2 Nf6 21.a4 
Nd5 22.Ka3 Bd7 23.Nf3 Re7 24.g3 Bg4 25.Nd4 Be5 26.f4 Bxd4 27.Bxd4 Rae8 28.
a5 Re2 29.Qc4 Rxh2 30.Be5 f6 31.Bd4 Be6 32.Qd3 Ra2+ 33.Kxa2 Nxb4+ 34.Kb2 
Nxd3+ 0-1

[Event "R1 Figeac - CEIT"]
[Site "Figeac"]
[Date "2006.10.15"]
[Round "1"]
[White "Pigiere, Dominique"]
[Black "Hegray, Charlie"]
[Result "0-1"]
[WhiteElo "1690"]
[BlackElo "1570"]
[EventDate "2006.??.??"]
[PlyCount "114"]

1.e4 e6 2.d4 d6 3.Nf3 Nf6 4.Nc3 c5 5.Bd3 cxd4 6.Nxd4 e5 7.Nde2 Be7 8.O-O 
Nc6 9.Ng3 Bg4 10.f3 Qb6+ 11.Kh1 Bd7 12.Nf5 Bxf5 13.exf5 O-O 14.Bc4 Nb4 15.
a3 Nc6 16.Nd5 Nxd5 17.Bxd5 Nd4 18.Be4 Rfd8 19.Re1 Bf6 20.Rb1 d5 21.Bd3 
Rac8 22.Be3 Qd6 23.c3 Nc6 24.Qb3 d4 25.cxd4 exd4 26.Bf2 Qf4 27.Bg3 Qd2 28.
Red1 Qa5 29.Qxb7 Be5 30.Bh4 Rc7 31.Qb3 Rb8 32.Qc2 Nb4 33.Qd2 Nc6 34.Qf2 
Bf4 35.Qe2 Ne5 36.Bf2 Rd8 37.Qe4 Nxd3 38.Qxd3 Re7 39.g3 Be5 40.Re1 Qc5 41.
Re4 Bf6 42.Rxe7 Bxe7 43.Rd1 Bf6 44.g4 h6 45.h4 Qb6 46.Rd2 Rc8 47.Kg2 Be5 
48.Bg3 Bf6 49.Kh3 Qb7 50.Bf4 Rc1 51.Rh2 Re1 52.Rf2 Rh1+ 53.Bh2 Qe7 54.Re2 
Qd6 55.Qe4 Bxh4 56.Rg2 Rxh2+ 57.Rxh2 Qg3# 0-1

[Event "R1 Figeac - CEIT"]
[Site "Figeac"]
[Date "2006.10.15"]
[Round "1"]
[White "Muneret, Maurice"]
[Black "Luis, Henri"]
[Result "1-0"]
[WhiteElo "1699"]
[BlackElo "1800"]
[EventDate "2006.??.??"]
[PlyCount "139"]

1.Nf3 c5 2.c4 Nc6 3.Nc3 Nf6 4.g3 g6 5.Bg2 Bg7 6.O-O a6 7.a3 Rb8 8.d4 cxd4 
9.Nxd4 O-O 10.e4 Nxd4 11.Qxd4 Ng4 12.Qd3 d6 13.Rb1 Ne5 14.Qe2 Qc7 15.Nd5 
Qd8 16.b4 e6 17.Ne3 Qc7 18.Bb2 Bd7 19.Rfc1 b6 20.f4 Nc6 21.Bxg7 Kxg7 22.
Qb2+ f6 23.Rd1 Rf7 24.Qd2 Qa7 25.Qxd6 b5 26.c5 Rd8 27.Qd2 Bc8 28.Qb2 Rfd7 
29.Rxd7+ Qxd7 30.Rd1 Qc7 31.Qa1 h5 32.e5 Rxd1+ 33.Nxd1 f5 34.Ne3 Qd7 35.
Qd1 Ne7 36.Qd6 Kf7 37.Kf2 Qa7 38.Ke2 Bd7 39.Kd3 Nc8 40.Qd4 Qc7 41.c6 Bxc6 
42.Qc5 Qd7+ 43.Qd4 Ke7 44.Bxc6 Qxc6 45.Qc5+ Qxc5 46.bxc5 Kd7 47.Kc3 Ne7 
48.Nc2 Nc6 49.Nb4 a5 50.Nd3 Nb8 51.Nc1 Kc6 52.Nb3 a4 53.Nd4+ Kd5 54.Nxb5 
Na6 55.c6 Kxc6 56.Kc4 Nc5 57.Nd4+ Kb6 58.Nf3 Nd7 59.Nh4 g5 60.fxg5 Nxe5+ 
61.Kb4 Nc6+ 62.Kxa4 Ne7 63.g6 e5 64.g7 f4 65.gxf4 exf4 66.Kb4 Kc6 67.Ng6 
Nd5+ 68.Kb3 f3 69.g8=Q Nf6 70.Qa8+ 1-0

[Event "R1 Figeac - CEIT"]
[Site "Figeac"]
[Date "2006.10.15"]
[Round "1"]
[White "Jay, Georges"]
[Black "Benayou, David"]
[Result "0-1"]
[WhiteElo "1499"]
[BlackElo "1670"]
[EventDate "2006.??.??"]
[PlyCount "118"]

1.d4 d5 2.c4 Nf6 3.Nf3 Nc6 4.e3 Bg4 5.Be2 Bxf3 6.Bxf3 e6 7.a3 Be7 8.O-O 
O-O 9.Nc3 a6 10.b3 Rb8 11.Qe2 Na5 12.Rb1 Nc6 13.Qd2 Na7 14.Bb2 c6 15.e4 
dxe4 16.Nxe4 Qb6 17.b4 Rfd8 18.c5 Qc7 19.Rbd1 Nd5 20.g3 Bf6 21.Nxf6+ Nxf6 
22.Qc1 Nc8 23.Rfe1 Ne7 24.Bc3 Ned5 25.Bd2 Re8 26.Bg5 a5 27.Bxf6 Nxf6 28.
Qb2 axb4 29.axb4 Nd5 30.Bg4 g6 31.Re2 b6 32.Rdd2 bxc5 33.dxc5 Rxb4 34.Qc2 
Rxg4 35.Qd3 Nf4 36.Qf3 Nxe2+ 37.Rxe2 Rc4 38.Qe3 Ra8 39.Kg2 Ra5 40.f4 Raxc5
41.Qd3 Rc1 42.Rf2 Rd5 43.Qe3 Rdd1 44.Kh3 Qd7 45.Rg2 e5+ 46.g4 exf4 47.Qxf4
Rc3+ 48.Rg3 Rdd3 49.Qb8+ Kg7 50.Qe5+ f6 51.Qxc3 Rxc3 52.Rxc3 h5 53.Rg3 g5 
54.Kg2 Qd2+ 55.Kh3 h4 56.Ra3 Qf2 57.Ra7+ Kf8 58.Ra8+ Ke7 59.Ra3 Qf1# 0-1

[Event "R1 Figeac - CEIT"]
[Site "Figeac"]
[Date "2006.10.15"]
[Round "1"]
[White "Hegray, Romain"]
[Black "Dia, Hussein"]
[Result "1/2-1/2"]
[WhiteElo "1600"]
[BlackElo "1699"]
[EventDate "2006.??.??"]
[PlyCount "110"]

1.e4 c5 2.Nf3 Nc6 3.a3 d6 4.d4 cxd4 5.Nxd4 e5 6.Nb5 a6 7.N5c3 Be6 8.Be3 
Nf6 9.Be2 d5 10.exd5 Nxd5 11.Nxd5 Bxd5 12.O-O f5 13.c4 Be6 14.f4 Qh4 15.b4
Rd8 16.Qa4 Kf7 17.b5 Nd4 18.Nc3 Bc5 19.Rae1 exf4 20.Bf2 Qg5 21.Kh1 axb5 
22.Nxb5 Ra8 23.Qd1 Nxb5 24.Bxc5 Nc3 25.Qd6 Rhd8 26.Bh5+ g6 27.Qxe6+ Kg7 
28.Bf3 Ne4 29.Bxe4 fxe4 30.Qxe4 Qxc5 31.Qxf4 Rf8 32.Qe4 Rxf1+ 33.Rxf1 Rxa3
34.Qxb7+ Kh6 35.Rc1 Qxc4 36.Qb2 Qd3 37.h3 Rb3 38.Qf6 Rb1 39.Rxb1 Qxb1+ 40.
Kh2 Qb8+ 41.Kh1 Qg3 42.Kg1 Kh5 43.Qf7 h6 44.Qf6 g5 45.Qf7+ Kh4 46.Qc4+ Kh5
47.Qf7+ Kh4 48.Qc4+ Qf4 49.Qxf4+ gxf4 50.Kf2 h5 51.Kf3 Kg5 52.g4 fxg3 53.
Kxg3 h4+ 54.Kf3 Kf5 55.Ke3 Ke5 1/2-1/2

[Event "R1 Figeac - CEIT"]
[Site "Figeac"]
[Date "2006.10.15"]
[Round "1"]
[White "Haezerbaert, Philippe"]
[Black "Bedel, Jean"]
[Result "1-0"]
[WhiteElo "2024"]
[BlackElo "1780"]
[EventDate "2006.??.??"]
[PlyCount "65"]

1.e4 c6 2.d4 d5 3.exd5 cxd5 4.Bd3 Nc6 5.c3 e5 6.dxe5 Nxe5 7.Bb5+ Nc6 8.Nf3
Bc5 9.O-O Ne7 10.Bg5 f6 11.Bf4 O-O 12.Nbd2 Bg4 13.h3 Bh5 14.Qa4 a6 15.Bd3 
b5 16.Qc2 Bg6 17.Nb3 Bb6 18.Rad1 Rc8 19.Qe2 Re8 20.Qe6+ Kh8 21.Qg4 Bxd3 
22.Rxd3 Ng6 23.Bg3 Nce5 24.Bxe5 Nxe5 25.Nxe5 Rxe5 26.Rfd1 Rc4 27.Qf3 Rce4 
28.Nd4 Qd7 29.R1d2 h5 30.Ne2 Rf5 31.Qxe4 Re5 32.Rxd5 Qe7 33.Rxe5 1-0

[Event "R1 Figeac - CEIT"]
[Site "Figeac"]
[Date "2006.10.15"]
[Round "1"]
[White "Chmargounof, Georges"]
[Black "Paillard, Jean"]
[Result "1/2-1/2"]
[WhiteElo "1399"]
[BlackElo "1500"]
[EventDate "2006.??.??"]
[PlyCount "52"]

1.e4 e6 2.d4 Be7 3.c4 d6 4.Nf3 c5 5.d5 exd5 6.cxd5 a6 7.a4 Bg4 8.Qb3 b6 9.
Nbd2 Nd7 10.Bd3 Ngf6 11.O-O O-O 12.Bc2 Bxf3 13.Nxf3 Ng4 14.Bd2 Nge5 15.
Nxe5 Nxe5 16.f4 Nd7 17.Qd3 a5 18.Bc3 f6 19.e5 f5 20.g4 dxe5 21.fxe5 c4 22.
Qh3 Nxe5 23.Rad1 Bc5+ 24.Kh1 Nd3 25.Rxd3 fxg4 26.Qxh7+ Kxh7 1/2-1/2

[Event "R1 - Castres / Castel"]
[Site "Castres"]
[Date "2006.10.15"]
[Round "1"]
[White "Tabone, Yves"]
[Black "Guillet, Yvan"]
[Result "1/2-1/2"]
[WhiteElo "1480"]
[BlackElo "1499"]
[EventDate "2006.??.??"]
[PlyCount "100"]
[WhiteTeam "Castres"]
[BlackTeam "Castel Moissac"]

1.e4 e5 2.Nf3 Nc6 3.Bc4 d6 4.h3 h6 5.c3 Nf6 6.d4 exd4 7.cxd4 Bd7 8.Nc3 Be7
9.O-O O-O 10.Be3 Re8 11.Qd3 Na5 12.Bb3 Nxb3 13.axb3 a6 14.Nh2 b5 15.Qd2 b4
16.Ne2 Bb5 17.Rfe1 Nxe4 18.Qc2 d5 19.Rac1 c6 20.Nf1 Bg5 21.Bxg5 Nxg5 22.
Nfg3 Qf6 23.Qd2 a5 24.Nf4 Ne4 25.Nxe4 dxe4 26.Nh5 Qe6 27.Qf4 f5 28.f3 g5 
29.Qg3 Qf7 30.Nf4 Kh7 31.Ne2 f4 32.Qg4 exf3 33.Qxf3 Re3 34.Qg4 Rae8 35.d5 
Qxd5 36.Rcd1 Qe6 37.Qxe6 R8xe6 38.Rd7+ Kg8 39.Ra7 Rxe2 40.Rd1 Re1+ 41.Rxe1
Rxe1+ 42.Kh2 Re2 43.Rxa5 Rxb2 44.Ra8+ Kf7 45.Rh8 Kg7 46.Ra8 Rxb3 47.Ra1 
Rc3 48.h4 b3 49.hxg5 hxg5 50.g3 Rxg3 1/2-1/2

[Event "R1 - Castres / Castel"]
[Site "Castres"]
[Date "2006.10.15"]
[Round "1"]
[White "Scandella, Thierry"]
[Black "Vainguier, Guillaume"]
[Result "1-0"]
[WhiteElo "2031"]
[BlackElo "1810"]
[EventDate "2006.??.??"]
[PlyCount "43"]
[WhiteTeam "Castres"]
[BlackTeam "Castel Moissac"]

1.d4 d5 2.c4 dxc4 3.e4 c5 4.d5 Nf6 5.Nc3 e6 6.Bxc4 Qd6 7.Nf3 exd5 8.Nxd5 
Nxd5 9.Bxd5 Be7 10.O-O Nc6 11.Bg5 Be6 12.Bxe7 Kxe7 13.Qb3 Na5 14.Qc3 Nc6 
15.Rad1 f6 16.Bxe6 Qxe6 17.Qxc5+ Kf7 18.Rd6 Qxa2 19.Rd7+ Kg6 20.Qf5+ Kh6 
21.Qh3+ Kg6 22.Qg4+ 1-0

[Event "R1 - Castres / Castel"]
[Site "Castres"]
[Date "2006.10.15"]
[Round "1"]
[White "Haddab, Roland"]
[Black "Le Men, Yves"]
[Result "0-1"]
[WhiteElo "1630"]
[BlackElo "1720"]
[EventDate "2006.??.??"]
[PlyCount "96"]
[WhiteTeam "Castres"]
[BlackTeam "Castel Moissac"]

1.e4 e6 2.Nf3 d5 3.exd5 exd5 4.d4 Nf6 5.Bg5 Bg4 6.Be2 Bd6 7.O-O O-O 8.Nc3 
c6 9.Ne5 Be6 10.f4 Be7 11.f5 Bc8 12.Bd3 Re8 13.Be2 Nbd7 14.h4 Ne4 15.Nxe4 
dxe4 16.Nxd7 Bxd7 17.f6 Bxf6 18.Bxf6 gxf6 19.Bg4 f5 20.Bxf5 Bxf5 21.Rxf5 
Qxh4 22.Qf1 Re7 23.Qe2 e3 24.c3 Re4 25.Raf1 Rf8 26.Rh5 Qe7 27.Rff5 f6 28.
Rh3 Qe6 29.Rfh5 Rf7 30.Rg3+ Rg7 31.Rxg7+ Kxg7 32.Rh3 f5 33.Rg3+ Kh8 34.Rf3
f4 35.b3 b6 36.Rh3 Qg6 37.Rf3 Qg5 38.Qd3 Qf5 39.Qe2 c5 40.d5 Qxd5 41.Qa6 
Qd1+ 42.Kh2 Qd7 43.Qe2 b5 44.c4 b4 45.Qb2+ Qd4 46.Qe2 Qd2 47.Qxd2 exd2 48.
Rd3 Rd4 0-1

[Event "R1 - Castres / Castel"]
[Site "Castres"]
[Date "2006.10.15"]
[Round "1"]
[White "Dirat, Sylvain"]
[Black "Le Doare, William"]
[Result "0-1"]
[WhiteElo "1800"]
[BlackElo "1850"]
[EventDate "2006.??.??"]
[PlyCount "72"]
[WhiteTeam "Castel Moissac"]
[BlackTeam "Castres"]

1.d4 d5 2.Bg5 h6 3.Bh4 Nd7 4.Nf3 Ngf6 5.e3 e6 6.Bd3 Be7 7.Nbd2 b6 8.O-O 
Bb7 9.a3 g5 10.Bg3 Ne4 11.Bxe4 dxe4 12.Ne5 Nxe5 13.Bxe5 f6 14.Qh5+ Kd7 15.
Bg3 Qe8 16.Qxe8+ Rhxe8 17.f4 g4 18.f5 h5 19.fxe6+ Kxe6 20.c3 c5 21.Rf4 h4 
22.Be1 f5 23.dxc5 Bxc5 24.Nc4 b5 25.b4 Be7 26.Na5 Bd5 27.Rd1 Bg5 28.Rf1 
Bxe3+ 29.Bf2 Bxf2+ 30.Rxf2 e3 31.Rf4 Be4 32.Rxe4+ fxe4 33.Nc6 Rac8 34.Nd4+
Ke5 35.Nxb5 a6 36.Nd6 e2 0-1

[Event "R1 - Castres / Castel"]
[Site "Castres"]
[Date "2006.10.15"]
[Round "1"]
[White "Carivenc, Thierry"]
[Black "Riviere, Frédéric"]
[Result "0-1"]
[WhiteElo "1750"]
[BlackElo "1840"]
[EventDate "2006.??.??"]
[PlyCount "52"]
[WhiteTeam "Castres"]
[BlackTeam "Castel Moissac"]

1.d4 d5 2.Nf3 e6 3.e3 c5 4.b3 Nc6 5.Bb2 Nf6 6.a3 Bd7 7.Bd3 cxd4 8.exd4 Bd6
9.O-O O-O 10.Nbd2 Re8 11.Ne5 Ne7 12.Qe2 Ng6 13.f4 Bc6 14.Ndf3 Nxf4 15.
Bxh7+ Nxh7 16.Qe3 Nh5 17.Rac1 Qe7 18.c4 dxc4 19.bxc4 Bxf3 20.Rxf3 N5f6 21.
Rg3 Nd7 22.Qh6 Qf6 23.Qh5 Nxe5 24.Rf1 Nxc4 25.Rxf6 Nxf6 26.Rh3 Nxh5 0-1

[Event "N4 Rodez-ET"]
[Site "Rodez"]
[Date "2006.10.15"]
[Round "1.8"]
[White "Steffens, David"]
[Black "Molinier, Bastien"]
[Result "1-0"]
[WhiteElo "1770"]
[BlackElo "1320"]
[EventDate "2006.??.??"]
[PlyCount "77"]

1.d4 d5 2.c4 e6 3.Nc3 Nf6 4.Nf3 Bb4 5.Bg5 dxc4 6.e4 h6 7.Bxf6 Qxf6 8.Bxc4 
Nd7 9.O-O a6 10.a3 Bxc3 11.bxc3 b5 12.e5 Qf5 13.Be2 Nb6 14.g3 Qe4 15.Nh4 
Qc6 16.Bf3 Nd5 17.Qd3 Bb7 18.a4 g5 19.axb5 axb5 20.Rxa8+ Bxa8 21.Ng2 g4 
22.Be4 Ke7 23.Rc1 Nb4 24.Bxc6 Nxd3 25.Rd1 Nxf2 26.Kxf2 Bxc6 27.Ne3 h5 28.
d5 Rd8 29.dxc6 Rc8 30.Rd7+ Kf8 31.Nc2 Ra8 32.Ke3 Ra2 33.Kd3 Ra7 34.Nd4 Ra2
35.Rxc7 Rxh2 36.Rb7 h4 37.c7 hxg3 38.c8=Q+ Kg7 39.Nxe6+ 1-0

[Event "N4 Rodez-ET"]
[Site "Rodez"]
[Date "2006.10.15"]
[Round "1.7"]
[White "Nenert, Louis"]
[Black "Daragon, Bruno"]
[Result "1-0"]
[WhiteElo "1740"]
[BlackElo "1820"]
[EventDate "2006.??.??"]
[PlyCount "57"]

1.e4 c5 2.Nf3 d6 3.d4 cxd4 4.c3 dxc3 5.Nxc3 Nc6 6.Bc4 e6 7.Qe2 a6 8.O-O 
Be7 9.Rd1 Qc7 10.Bf4 b5 11.Bb3 Nf6 12.Rac1 O-O 13.Nd5 Nxd5 14.exd5 e5 15.
Be3 Bd7 16.dxc6 Be6 17.Bd5 Bxd5 18.Rxd5 f5 19.Bg5 e4 20.Bxe7 Qxe7 21.Ne1 
f4 22.Qd1 e3 23.Qd3 exf2+ 24.Kxf2 Qh4+ 25.Kg1 Rae8 26.Nf3 Qg4 27.Rxd6 Re3 
28.Qd5+ Kh8 29.c7 1-0

[Event "N4 Rodez-ET"]
[Site "Rodez"]
[Date "2006.10.15"]
[Round "1.6"]
[White "Robichon, Franck"]
[Black "Croux, Laurent"]
[Result "0-1"]
[WhiteElo "1920"]
[BlackElo "1800"]
[EventDate "2006.??.??"]
[PlyCount "50"]

1.d4 g6 2.c4 Bg7 3.Nf3 c5 4.Nc3 cxd4 5.Nxd4 Nc6 6.Nxc6 bxc6 7.g3 Rb8 8.Bg2
Qa5 9.Qc2 Ba6 10.O-O Bxc4 11.Bf4 e5 12.Bd2 Qc7 13.Bg5 h6 14.Be3 Be6 15.
Rfd1 Ne7 16.Bc5 d5 17.Bxe7 Qxe7 18.Bxd5 cxd5 19.Nxd5 Bxd5 20.Qa4+ Qd7 21.
Qa5 Rb5 22.Qa3 Qe7 23.Qxe7+ Kxe7 24.a4 Rxb2 25.Rxd5 Rd8 0-1

[Event "N4 Rodez-ET"]
[Site "Rodez"]
[Date "2006.10.15"]
[Round "1.5"]
[White "Forest, Eric"]
[Black "Sakri, Abdelhak"]
[Result "0-1"]
[WhiteElo "1824"]
[BlackElo "1954"]
[EventDate "2006.??.??"]
[PlyCount "104"]

1.e4 c6 2.d4 d5 3.exd5 cxd5 4.Nc3 Nf6 5.Bd3 Nc6 6.Nf3 Bg4 7.Be2 e6 8.O-O 
a6 9.h3 Bh5 10.Re1 Bb4 11.Be3 Ne4 12.Qd3 Bg6 13.Ne5 Nxe5 14.dxe5 Nxc3 15.
Qd4 Nxe2+ 16.Rxe2 Be7 17.Rd1 O-O 18.c3 Rc8 19.Qa7 Qc7 20.Bb6 Qc6 21.Be3 
Rc7 22.Qb6 Qxb6 23.Bxb6 Rc6 24.Bd4 Bc5 25.a3 Rfc8 26.Be3 Bxe3 27.Rxe3 Rc4 
28.f3 Kf8 29.Rd2 Ke7 30.Kf2 f6 31.exf6+ gxf6 32.Rxd5 e5 33.Rd2 Rd8 34.Rde2
Rc5 35.f4 Bd3 36.Re1 e4 37.g4 Kf7 38.f5 Rb5 39.b4 Rbd5 40.Kg3 b5 41.Kf4 a5
42.h4 h6 43.Rg3 axb4 44.cxb4 Ra8 45.Rxe4 Bxe4 46.Kxe4 Re5+ 47.Kf4 Rc8 48.
Rd3 Rc4+ 49.Kf3 Rce4 50.Rc3 Rc4 51.Rd3 Ke7 52.Kg3 Ree4 0-1

[Event "N4 Rodez-ET"]
[Site "Rodez"]
[Date "2006.10.15"]
[Round "1.4"]
[White "Jung, Pascal"]
[Black "Besset, Thierry"]
[Result "1-0"]
[WhiteElo "2027"]
[BlackElo "1830"]
[EventDate "2006.??.??"]
[PlyCount "84"]

1.d4 Nf6 2.c4 e5 3.dxe5 Ng4 4.Nf3 Nc6 5.e3 Ngxe5 6.Be2 Bb4+ 7.Bd2 Bxd2+ 8.
Qxd2 d6 9.Nc3 Be6 10.b3 O-O 11.O-O Rb8 12.Nd4 Qd7 13.f4 Nxd4 14.Qxd4 Nc6 
15.Qd2 Rfe8 16.Bd3 Rbd8 17.f5 Ne5 18.fxe6 Qxe6 19.Be4 c6 20.Bf5 Qh6 21.Qd4
g6 22.Bc2 f5 23.Qf4 Qg7 24.e4 Nxc4 25.exf5 Qxc3 26.Qxc4+ Qxc4 27.bxc4 Re2 
28.Rf2 Rde8 29.Raf1 gxf5 30.Bxf5 Kg7 31.Bg4 R2e4 32.Rf7+ Kh8 33.Bd7 R8e7 
34.Rxe7 Rxe7 35.Bf5 Re2 36.Rd1 Rxa2 37.Rxd6 Rb2 38.Rd7 a5 39.Be6 b5 40.g4 
a4 41.g5 a3 42.Rd8+ Kg7 1-0

[Event "N4 Rodez-ET"]
[Site "Rodez"]
[Date "2006.10.15"]
[Round "1.3"]
[White "De Biasi, Robert"]
[Black "Juglard, Eric"]
[Result "0-1"]
[WhiteElo "1844"]
[BlackElo "2128"]
[EventDate "2006.??.??"]
[PlyCount "76"]

1.e4 e6 2.d4 d5 3.e5 c5 4.c3 Nc6 5.Nf3 Qb6 6.a3 c4 7.Be2 Na5 8.Nbd2 Bd7 9.
O-O Ne7 10.Rb1 Nec6 11.Qe1 Be7 12.Bd1 O-O 13.b4 cxb3 14.Nxb3 Qc7 15.Nxa5 
Nxa5 16.a4 Rac8 17.Bb2 Nc4 18.Ba1 Nb6 19.a5 Nc4 20.a6 bxa6 21.Be2 Bb5 22.
Kh1 Na3 23.Rc1 Bxe2 24.Qxe2 Qc4 25.Rfe1 Qxe2 26.Rxe2 Rc6 27.Bb2 Nb5 28.
Rec2 Rfc8 29.g3 h6 30.Nd2 Nxd4 31.Nf1 Nxc2 32.Rxc2 d4 33.c4 Rxc4 34.Rd2 
Rc2 35.Rxc2 Rxc2 36.Bxd4 Bc5 37.Bxc5 Rxc5 38.Ne3 a5 0-1

[Event "N4 Rodez-ET"]
[Site "Rodez"]
[Date "2006.10.15"]
[Round "1.2"]
[White "Dezaelle, Christophe"]
[Black "Martinez, Loïc"]
[Result "1-0"]
[WhiteElo "2133"]
[BlackElo "1850"]
[EventDate "2006.??.??"]
[PlyCount "75"]

1.d4 Nf6 2.Nf3 b6 3.g3 Bb7 4.Bg2 e6 5.O-O Be7 6.c4 O-O 7.Nc3 d5 8.Ne5 Nbd7
9.Bg5 h6 10.Bf4 Bd6 11.Qd2 Qc8 12.cxd5 Nxd5 13.Nxd5 exd5 14.Bh3 Bxe5 15.
dxe5 Qe8 16.e6 fxe6 17.Bxc7 Qe7 18.Qe3 Rae8 19.Rac1 Kh8 20.f3 Bc8 21.Rc6 
Rf6 22.Bd6 Qf7 23.Rfc1 Qg8 24.Rc7 Nc5 25.b4 d4 26.Qxd4 e5 27.Bxe5 Bxh3 28.
bxc5 Rxe5 29.Qxe5 Qxa2 30.g4 Qd2 31.cxb6 axb6 32.Rc8+ Kh7 33.Qe4+ Rg6 34.
R8c6 Qg5 35.Kh1 h5 36.Rxg6 Qxg6 37.Qxg6+ Kxg6 38.gxh5+ 1-0

[Event "N4 Rodez-ET"]
[Site "Rodez"]
[Date "2006.10.15"]
[Round "1.1"]
[White "Tanguy, Fabien"]
[Black "Daloz, Jean-Michel"]
[Result "0-1"]
[WhiteElo "2057"]
[BlackElo "2165"]
[EventDate "2006.??.??"]
[PlyCount "84"]

1.c4 c5 2.Nc3 b6 3.e4 Bb7 4.Nf3 e6 5.d4 cxd4 6.Nxd4 d6 7.Qa4+ Nd7 8.Be3 
Nf6 9.f3 a6 10.Nc6 Qc7 11.Nb4 Be7 12.Be2 O-O 13.O-O Rfc8 14.Qd1 d5 15.Nc2 
dxc4 16.Bf2 b5 17.a3 Rd8 18.Nb4 Rac8 19.Qc2 Bc5 20.Kh1 Bxf2 21.Rxf2 Qc5 
22.Bf1 a5 23.Nba2 b4 24.axb4 axb4 25.Na4 Qa5 26.b3 c3 27.Rd1 Nc5 28.Nxc5 
Qxc5 29.Rxd8+ Rxd8 30.Nc1 h5 31.Nd3 Qd4 32.Nf4 g5 33.Nh3 g4 34.Nf4 e5 35.
Nd5 Nxd5 36.exd5 Rxd5 37.fxg4 e4 38.Rf4 Rd6 39.gxh5 Qd2 40.Rf2 Qxc2 41.
Rxc2 Rd1 42.Kg1 Ba6 0-1